000 00608nam a2200229Ia 4500
005 20241129115826.0
008 241129s9999||||xx |||||||||||||| ||und||
020 _a9783030527839
037 _aTB
040 _aSDCL
_beng
_cSDCL
041 _aeng
_2eng
084 _aB43, Ro
_qSDCL
100 _aClason Christian
_9728431
245 0 _aIntroduction to functional analysis
260 _aCham
_bBirkhauser
_c2020
300 _ax,170p.
365 _aEUR
_b39.99
490 _aCompact textbooks in mathematics
650 _aMathematics
942 _cTB
_hB43, Ro
999 _c1232180
_d1232180